000 00510nam a2200181Ia 4500
008 090123s9999 xx 000 0 und d
082 _b37196
_a891.463/वर्दे
100 _aवर्दे मोहिनी
245 _aटीझर
250 _a2
260 _bअनघा प्रकाशन
_c2004
300 _a96
600 _aवर्दे मोहिनी
630 _aटीझर
700 _aवर्दे मोहिनी
730 _aटीझर
942 _cBOOK
999 _c75263
_d75263